000 00901nam a22002055i 4500
001 160199
003 ES-MaACL
005 20250806025306.0
008 990429s1879 sp |||| | spa d
040 _aCCPB | B
_bspa
_cCCPB | B
100 1 _aMoreno Nieto, José,
_d1825-1882
_983416
245 1 0 _aDiscursos leidos ante la Real Academia de Ciencias Morales y Políticas en la recepción pública del Sr. D. José Moreno Nieto el dia 25 de mayo de 1879.
260 _aMadrid :
_b[s.n.],
_c1879 (
_fImprenta Central á cargo de Victor Saiz)
300 _a93 p. ;
_c25 cm.
505 8 _aContiene: Discurso del Sr. José Moreno Nieto, p. 3-79 ; Contestación del Sr. D. Manuel Colmeiro, p. 81-93
510 4 _aPalau,
_ct. X, 182260
700 0 _aColmeiro, Manuel (
_d1818-1894)
_939768
852 _aES-MaACL
_jFol-Laf-115
_z-- Rust.
_z-- Legado M. de la Fuente
999 _c160199
_d160199